Mołdawskie regiony - Statystyki

Ogólne statystyki
  • Ten quiz został rozwiązany 4 razy
  • Średni wynik to 17 z 37
Statystyki odpowiedzi
Regiony % Poprawnych
Kiszyniów
100%
Tyraspol
100%
Bielce
75%
Bendery
50%
Călărași
50%
Căușeni
50%
Cimișlia
50%
Dondușeni
50%
Drochia
50%
Edineț
50%
Fălești
50%
Florești
50%
Hîncești
50%
Ialoveni
50%
Kaguł
50%
Komrat
50%
Leova
50%
Nisporeni
50%
Ocnița
50%
Orhei
50%
Rîșcani
50%
Soroca
50%
Taraclia
50%
Ungheni
50%
Anenii Noi
25%
Basarabeasca
25%
Bryczany
25%
Cantemir
25%
Criuleni
25%
Dubosary
25%
Glodeni
25%
Rezina
25%
Sîngerei
25%
Șoldănești
25%
Ștefan Vodă
25%
Strășeni
25%
Telenești
25%
Nie znaleziono quizów pasujących do podanych kryteriów
Rozkład punktacji
Procent ludzi z każdym wynikiem
Percentyl według liczby udzielonych odpowiedzi
Twoja historia wyników
Nie rozwiązałeś tego quizu